EW 101 : a first course in electronic warfare (Record no. 12183)
[ view plain ]
| 000 -LEADER | |
|---|---|
| fixed length control field | 00327nam a22001217a 4500 |
| 020 ## - INTERNATIONAL STANDARD BOOK NUMBER | |
| International Standard Book Number | 9781580531696 |
| 100 ## - MAIN ENTRY--PERSONAL NAME | |
| Personal name | Adamy, David L. |
| 245 ## - TITLE STATEMENT | |
| Title | EW 101 : a first course in electronic warfare |
| 260 ## - PUBLICATION, DISTRIBUTION, ETC. | |
| Place of publication, distribution, etc. | London |
| Name of publisher, distributor, etc. | Artech House |
| Date of publication, distribution, etc. | 2001 |
| 300 ## - PHYSICAL DESCRIPTION | |
| Extent | xix, 308p. : |
| Accompanying material | 22 cm |
| 650 ## - SUBJECT ADDED ENTRY--TOPICAL TERM | |
| Topical term or geographic name entry element | Electronics in military engineering |
| 942 ## - ADDED ENTRY ELEMENTS (KOHA) | |
| Koha item type | Book |
| Withdrawn status | Lost status | Damaged status | Not for loan | Collection code | Permanent Location | Current Location | Shelving location | Date acquired | Source of acquisition | Cost, normal purchase price | Total Checkouts | Total Renewals | Full call number | Barcode | Date last seen | Date last checked out | Price effective from | Koha item type |
|---|---|---|---|---|---|---|---|---|---|---|---|---|---|---|---|---|---|---|
| Central Library (CL) | Central Library (CL) | General Stacks | 09/30/2013 | A&J DEF TEK CONSULTANT | 7672.58 | 2 | 1 | 623.043 ADA | SEECS012673 | 10/19/2022 | 10/03/2018 | 10/02/2013 | Book |
